Uplatňovanie daňového úveru podľa zákona o daniach z príjmov

Daňový úver podľa par. 35 zákona č. 366/1999 Z.z. Daňový úver podľa par. 35a zákona o daniach z príjmov v znení zákona č. 466/2000 Z.z. Základné podmienky vzniku nároku na čerpanie daňového úveru.

Salvato in:
Dettagli Bibliografici
Autore principale: Veselská, Jana
Natura: Capitolo di libro
Lingua:slovacco
Soggetti:
Tags: Aggiungi Tag
Nessun Tag, puoi essere il primo ad aggiungerne!!

MARC

LEADER 00000naa a2200000 4500
001 r043656
005 20230927065225.3
041 0 |a slo 
044 |a SK 
245 1 0 |a Uplatňovanie daňového úveru podľa zákona o daniach z príjmov  |c Jana Veselská 
520 |a Daňový úver podľa par. 35 zákona č. 366/1999 Z.z. Daňový úver podľa par. 35a zákona o daniach z príjmov v znení zákona č. 466/2000 Z.z. Základné podmienky vzniku nároku na čerpanie daňového úveru. 
610 2 0 |a úver daňový 
610 2 0 |a zvýhodnenie daňové 
610 2 0 |a úľavy daňové 
610 2 0 |a úpravy právne 
610 2 0 |a dane z príjmov 
610 2 0 |a daňovníci 
100 1 |a Veselská, Jana